[Event "Vellmar Chess Days"]
[Site "chess24.com"]
[Date "2015.08.08"]
[Round "5.15"]
[White "Jans, Micha"]
[Black "Bauch, Frank"]
[Result "1-0"]
[WhiteElo "2095"]
[BlackElo "1899"]
[PlyCount "121"]
[EventDate "2015.??.??"]
[WhiteTeam "Netherlands"]
[BlackTeam "Germany"]
[WhiteTeamCountry "NED"]
[BlackTeamCountry "GER"]
[WhiteClock "0:24:12"]
[BlackClock "0:12:03"]

1. e4 d5 2. exd5 Qxd5 3. Nc3 Qa5 4. d4 Nf6 5. Nf3 c6 6. Ne5 Bf5 7. g4 Be6 8.
Nc4 Qc7 9. h3 Nbd7 10. Qf3 Bd5 11. Nxd5 cxd5 12. Bf4 Qc6 13. Ne3 e6 14. Be2 Bd6
15. O-O O-O 16. Bxd6 Qxd6 17. Bd3 g6 18. c3 Kg7 19. Qg2 Qf4 20. Qh2 Qf3 21.
Rae1 Ne4 22. Bxe4 dxe4 23. Nc4 Qd3 24. Ne5 Nxe5 25. Qxe5+ Kg8 26. Re3 Qc2 27.
Qb5 Rac8 28. Re2 Qd3 29. Qxd3 exd3 30. Re3 Rfd8 31. Rxd3 b5 32. Re1 Rc6 33. a3
f6 34. f4 Kf7 35. Rde3 Rd5 36. Kf2 a5 37. Ra1 a4 38. h4 Rc8 39. Rae1 Rc6 40. g5
Rcd6 41. Kg3 Rc6 42. Kg4 h5+ 43. Kf3 Rd7 44. gxf6 Kxf6 45. Rg1 Rb6 46. Ke4 Rc7
47. Reg3 Rg7 48. Rg5 Rb8 49. Rc5 Rd7 50. Rgg5 Rdb7 51. Rc6 Rd7 52. d5 Re7 53.
Rxe6+ Rxe6+ 54. dxe6 Rb6 55. Kd5 Ra6 56. Re5 Ke7 57. f5 gxf5 58. Rxf5 Rxe6 59.
Re5 Rxe5+ 60. Kxe5 Kd7 61. Kd5 1-0

[Event "Vellmar Chess Days"]
[Site "chess24.com"]
[Date "2015.08.08"]
[Round "5.16"]
[White "Linke, Michael"]
[Black "Nies, Peter"]
[Result "0-1"]
[WhiteElo "1840"]
[BlackElo "2056"]
[PlyCount "38"]
[EventDate "2015.??.??"]
[WhiteTeam "Germany"]
[BlackTeam "Germany"]
[WhiteTeamCountry "GER"]
[BlackTeamCountry "GER"]
[WhiteClock "1:00:59"]
[BlackClock "0:57:15"]

1. d4 e6 2. c4 Nf6 3. g3 c5 4. d5 exd5 5. cxd5 d6 6. Bg2 g6 7. Bg5 Bg7 8. Nc3
O-O 9. Qd2 a6 10. a4 Nbd7 11. Bf4 Nb6 12. Ra2 Re8 13. b3 c4 14. b4 a5 15. b5
Bf5 16. f3 Nh5 17. Nh3 Bxh3 18. Bxh3 Nxf4 19. gxf4 Qh4+ 0-1

[Event "Vellmar Chess Days"]
[Site "chess24.com"]
[Date "2015.08.08"]
[Round "5.17"]
[White "Schirra, Maurice"]
[Black "Calvi, Stefan"]
[Result "1/2-1/2"]
[WhiteElo "1828"]
[BlackElo "2041"]
[PlyCount "131"]
[EventDate "2015.??.??"]
[WhiteTeam "Germany"]
[BlackTeam "Germany"]
[WhiteTeamCountry "GER"]
[BlackTeamCountry "GER"]
[WhiteClock "0:04:42"]
[BlackClock "0:06:54"]

1. e4 c5 2. Nc3 Nc6 3. Bb5 g6 4. Bxc6 dxc6 5. d3 e5 6. f4 exf4 7. Bxf4 Bg7 8.
Nf3 Nf6 9. O-O O-O 10. Qe1 Be6 11. Qh4 Nd7 12. Qg3 Rc8 13. Ng5 Re8 14. Rf3 Nf8
15. Raf1 f6 16. Nxe6 Rxe6 17. Qh3 Qe7 18. Bh6 Rd8 19. Bxg7 Kxg7 20. Qg3 c4 21.
e5 Nd7 22. exf6+ Rxf6 23. Rxf6 Nxf6 24. Ne4 Nxe4 25. dxe4 Re8 26. Qc3+ Qe5 27.
Qxc4 Re7 28. Rd1 Qxb2 29. Qc5 Qb6 30. Qd4+ Qxd4+ 31. Rxd4 Kf6 32. Kf2 Ke5 33.
Ke3 b6 34. Rd8 c5 35. Rd5+ Ke6 36. Rd8 Rf7 37. Re8+ Kd7 38. Ra8 Kc6 39. Rh8 a6
40. Ra8 Kb7 41. Re8 Kc6 42. Ra8 Kb5 43. e5 Rf1 44. Ke4 Rf2 45. Kd5 Rxc2 46. Kd6
Rxa2 47. e6 Rd2+ 48. Kc7 Re2 49. Kd6 Rd2+ 50. Kc7 Rxg2 51. e7 Re2 52. e8=Q+
Rxe8 53. Rxe8 c4 54. Re6 a5 55. Re5+ Kb4 56. Kxb6 a4 57. Rb5+ Ka3 58. Rc5 Kb3
59. Rb5+ Kc2 60. Rb4 c3 61. Rxa4 Kb3 62. Ra5 c2 63. Rb5+ Kc3 64. Rc5+ Kd2 65.
Rd5+ Ke2 66. Rc5 1/2-1/2

[Event "Vellmar Chess Days"]
[Site "chess24.com"]
[Date "2015.08.08"]
[Round "5.19"]
[White "Boele, Martijn"]
[Black "Koellner, Ruben Gideon"]
[Result "0-1"]
[WhiteElo "1992"]
[BlackElo "1790"]
[PlyCount "117"]
[EventDate "2015.??.??"]
[WhiteTeam "Netherlands"]
[BlackTeam "Germany"]
[WhiteTeamCountry "NED"]
[BlackTeamCountry "GER"]
[WhiteClock "0:20:53"]
[BlackClock "0:43:47"]

1. e4 d6 2. d4 Nf6 3. f3 c5 4. Bb5+ Nbd7 5. c3 Qb6 6. Ba4 g6 7. Ne2 Bg7 8. O-O
O-O 9. Kh1 a6 10. Bb3 Qc7 11. Be3 b5 12. Nd2 Bb7 13. Qe1 Nb6 14. Qh4 e6 15. Bh6
Nfd7 16. Bxg7 Kxg7 17. Qg3 Rac8 18. h4 d5 19. e5 cxd4 20. cxd4 Nc4 21. Nxc4
dxc4 22. Bc2 Nb6 23. h5 Nd5 24. Rac1 Qe7 25. Nf4 Nxf4 26. Qxf4 Rfd8 27. Rcd1
Rd7 28. Kh2 Rcd8 29. Kg3 h6 30. hxg6 fxg6 31. Kf2 Qg5 32. Qxg5 hxg5 33. Ke3 Rf7
34. Be4 Bd5 35. Rh1 Rff8 36. Rh2 Rh8 37. Rdh1 Rxh2 38. Rxh2 b4 39. g3 Rb8 40.
Rc2 b3 41. axb3 Rxb3+ 42. Ke2 g4 43. Bxd5 exd5 44. Rc3 Rxb2+ 45. Kd1 Rb3 46.
Rxb3 cxb3 47. fxg4 g5 48. Kc1 a5 49. Kb2 a4 50. Ka3 Kf7 51. Kb2 Ke6 52. Ka3 Kd7
53. Kb2 Kc6 54. Kb1 a3 55. Ka1 Kb5 56. Kb1 b2 57. Kc2 Kc6 58. Kb1 Kb5 59. Ka2
0-1

[Event "Vellmar Chess Days"]
[Site "chess24.com"]
[Date "2015.08.08"]
[Round "5.23"]
[White "Schmidt, Kai-Uwe"]
[Black "Rafiee, Kayvan"]
[Result "1/2-1/2"]
[WhiteElo "2007"]
[BlackElo "1844"]
[PlyCount "24"]
[EventDate "2015.??.??"]
[WhiteTeam "Germany"]
[BlackTeam "Germany"]
[WhiteTeamCountry "GER"]
[BlackTeamCountry "GER"]
[WhiteClock "0:18:52"]
[BlackClock "1:09:24"]

1. d4 d5 2. Nf3 Nc6 3. c4 Bg4 4. e3 e5 5. Qb3 Bxf3 6. gxf3 Nge7 7. Qxb7 Rb8 8.
Qa6 exd4 9. Na3 g6 10. Bd2 Bg7 11. exd4 O-O 12. Bc3 Bxd4 1/2-1/2

[Event "Vellmar Chess Days"]
[Site "chess24.com"]
[Date "2015.08.08"]
[Round "5.24"]
[White "Fabregas, Oliver"]
[Black "Meise, Jan"]
[Result "1-0"]
[WhiteElo "1957"]
[BlackElo "1816"]
[PlyCount "83"]
[EventDate "2015.??.??"]
[WhiteTeam "Germany"]
[BlackTeam "Germany"]
[WhiteTeamCountry "GER"]
[BlackTeamCountry "GER"]
[WhiteClock "0:30:19"]
[BlackClock "0:30:03"]

1. Nf3 Nf6 2. g3 d5 3. Bg2 c5 4. d3 Nc6 5. Nbd2 Bg4 6. O-O e6 7. a3 Be7 8. c3
a5 9. Qc2 Rc8 10. e4 d4 11. e5 Nd7 12. Re1 h5 13. h4 Qc7 14. Qa4 Nb6 15. Qb5
O-O 16. cxd4 cxd4 17. Ne4 a4 18. Bf4 Ra8 19. Rac1 Qd8 20. Rxc6 bxc6 21. Qxc6
Rc8 22. Qb5 Rc2 23. Nd6 Bxf3 24. Bxf3 Qc7 25. Bxh5 g6 26. Bf3 Rb8 27. h5 g5 28.
Bxg5 Bxg5 29. Re4 Kf8 30. Rg4 Bh6 31. Ne4 Nd5 32. Qxa4 Rc1+ 33. Kg2 Qxe5 34.
Qd7 Qc7 35. Qa4 f5 36. Ng5 Ke7 37. Nxe6 Qc6 38. Qxc6 Rxc6 39. Nxd4 Rf6 40. Rh4
Kd6 41. b4 Ra8 42. Nb5+ 1-0

[Event "Vellmar Chess Days"]
[Site "chess24.com"]
[Date "2015.08.08"]
[Round "5.25"]
[White "Hansult, Manfred"]
[Black "Lukas, Anne"]
[Result "1/2-1/2"]
[WhiteElo "1950"]
[BlackElo "1801"]
[PlyCount "94"]
[EventDate "2015.??.??"]
[WhiteTeam "Germany"]
[BlackTeam "Germany"]
[WhiteTeamCountry "GER"]
[BlackTeamCountry "GER"]
[WhiteClock "0:09:44"]
[BlackClock "1:04:31"]

1. d4 c5 2. e3 Nf6 3. Nf3 g6 4. Bd3 Bg7 5. O-O b6 6. Nbd2 Bb7 7. Qe2 d5 8. c3
O-O 9. Re1 Nbd7 10. Nf1 Ne4 11. N3d2 e5 12. Nf3 exd4 13. cxd4 Re8 14. Ng3 Nxg3
15. hxg3 cxd4 16. Qc2 Rc8 17. Qb1 Nc5 18. Bf1 dxe3 19. Bxe3 Ne6 20. Rd1 Nc5 21.
Bd4 Ne4 22. Bxg7 Kxg7 23. Qd3 Qd6 24. Qd4+ Kg8 25. Rac1 Qe6 26. Qa4 a5 27. Bb5
Rxc1 28. Rxc1 Rc8 29. Re1 Qd6 30. a3 Qc5 31. Nd4 Qd6 32. Qd1 Qf6 33. Re2 h5 34.
Nf3 Rc5 35. Bd3 Nd6 36. Ne5 Rc7 37. Nf3 Bc8 38. Rc2 Rxc2 39. Qxc2 Qd8 40. Qc3
Bf5 41. Ba6 Qa8 42. Qc7 Qxa6 43. Qxd6 Qb7 44. Nd4 Bd7 45. f4 Kg7 46. Qe5+ Kg8
47. f5 gxf5 1/2-1/2

[Event "Vellmar Chess Days"]
[Site "chess24.com"]
[Date "2015.08.08"]
[Round "5.26"]
[White "Koenig, Friedrich Theodor"]
[Black "Stuckenschneider, Martin"]
[Result "1/2-1/2"]
[WhiteElo "1730"]
[BlackElo "1947"]
[PlyCount "25"]
[EventDate "2015.??.??"]
[WhiteTeam "Germany"]
[BlackTeam "Germany"]
[WhiteTeamCountry "GER"]
[BlackTeamCountry "GER"]
[WhiteClock "0:46:12"]
[BlackClock "1:13:55"]

1. e4 c5 2. Nc3 a6 3. a4 Nc6 4. f4 d6 5. Nf3 g6 6. Bc4 e6 7. O-O Bg7 8. d3 Nge7
9. Qe1 O-O 10. Bb3 d5 11. e5 Nf5 12. Ne2 Bd7 13. c3 1/2-1/2

[Event "Vellmar Chess Days"]
[Site "chess24.com"]
[Date "2015.08.08"]
[Round "5.27"]
[White "van Leyen, Peter"]
[Black "Sevall, Jacob"]
[Result "1/2-1/2"]
[WhiteElo "1730"]
[BlackElo "1931"]
[PlyCount "59"]
[EventDate "2015.??.??"]
[WhiteTeam "Germany"]
[BlackTeam "Germany"]
[WhiteTeamCountry "GER"]
[BlackTeamCountry "GER"]
[WhiteClock "0:36:56"]
[BlackClock "1:27:05"]

1. d4 d5 2. Nf3 c5 3. c3 Nf6 4. e3 e6 5. Bd3 Nc6 6. O-O Qb6 7. Nbd2 Bd7 8. Qe2
cxd4 9. exd4 Be7 10. Ne5 O-O 11. f4 Bd6 12. Kh1 Rad8 13. Ndf3 Ne8 14. b3 Qc7
15. Bb2 f6 16. Nxd7 Qxd7 17. Rae1 Nc7 18. Bc1 Rde8 19. Qc2 g6 20. Qd1 e5 21.
fxe5 fxe5 22. dxe5 Nxe5 23. Nxe5 Rxf1+ 24. Bxf1 Rxe5 25. Rxe5 Bxe5 26. c4 d4
27. b4 b6 28. a4 Kg7 29. b5 Ne6 30. Qe2 1/2-1/2

[Event "Vellmar Chess Days"]
[Site "chess24.com"]
[Date "2015.08.08"]
[Round "5.28"]
[White "Verhoef, Ruud"]
[Black "Wastian, Jan"]
[Result "0-1"]
[WhiteElo "1911"]
[BlackElo "1760"]
[PlyCount "162"]
[EventDate "2015.??.??"]
[WhiteTeam "Netherlands"]
[BlackTeam "Germany"]
[WhiteTeamCountry "NED"]
[BlackTeamCountry "GER"]
[WhiteClock "0:11:47"]
[BlackClock "0:08:59"]

1. e4 c6 2. d4 d5 3. Nd2 dxe4 4. Nxe4 Nd7 5. Nf3 Ngf6 6. Nxf6+ Nxf6 7. c3 Bf5
8. Bf4 e6 9. Be2 h6 10. h3 Bd6 11. Bxd6 Qxd6 12. Ne5 O-O 13. O-O c5 14. Nc4 Qc7
15. dxc5 Qxc5 16. Qd6 Ne4 17. Qxc5 Nxc5 18. Rfd1 Rad8 19. Rxd8 Rxd8 20. Rd1
Rxd1+ 21. Bxd1 Bb1 22. a4 Kf8 23. Nd6 a6 24. b4 Ne4 25. Nxb7 Nxc3 26. Bb3 Na2
27. b5 axb5 28. axb5 Ke7 29. b6 Nb4 30. Na5 Kd6 31. Nc4+ Kc6 32. Ne5+ Kxb6 33.
Nxf7 e5 34. Nxe5 Kc7 35. Bf7 Kd6 36. Ng4 Ke7 37. Bc4 Nc6 38. Ne3 Kf6 39. Nd5+
Ke5 40. Nc7 Kf6 41. Ne8+ Kg6 42. Nd6 Ne5 43. Bd5 Kf6 44. Ne8+ Kg6 45. Nd6 Kf6
46. Nc4 Ng6 47. Nd2 Bc2 48. Be4 Bxe4 49. Nxe4+ Ke6 50. Nc5+ Ke7 51. g3 Ne5 52.
Kg2 Kf6 53. f3 h5 54. Ne4+ Kf5 55. h4 g6 56. Kf2 Nc4 57. Ke2 Ne5 58. Ke3 Nc4+
59. Kd4 Ne5 60. Ng5 Nc6+ 61. Kd5 Nb4+ 62. Kc4 Nc2 63. Kc3 Ne3 64. Kd3 Nd5 65.
Nf7 Nb4+ 66. Kc3 Nd5+ 67. Kd4 Nb4 68. Nd6+ Ke6 69. Nc4 Kf5 70. Ne3+ Ke6 71. Ke4
Nc6 72. Nc2 Ne5 73. Nd4+ Kf6 74. Ne2 Nc4 75. Nc3 Nd6+ 76. Kf4 Nf5 77. Ne4+ Kf7
78. Kg5 Kg7 79. g4 hxg4 80. fxg4 Nd4 81. Nd2 Ne6# 0-1

[Event "Vellmar Chess Days"]
[Site "chess24.com"]
[Date "2015.08.08"]
[Round "5.29"]
[White "Kuschel, Heidi"]
[Black "Schnegelsberg, Karl-Heinz"]
[Result "1/2-1/2"]
[WhiteElo "1713"]
[BlackElo "2006"]
[PlyCount "89"]
[EventDate "2015.??.??"]
[WhiteTeam "Germany"]
[BlackTeam "Germany"]
[WhiteTeamCountry "GER"]
[BlackTeamCountry "GER"]
[WhiteClock "1:12:51"]
[BlackClock "0:24:50"]

1. Nf3 d5 2. g3 Nf6 3. Bg2 g6 4. O-O Bg7 5. d4 O-O 6. Nc3 c6 7. Ne5 Nbd7 8. f4
e6 9. e4 dxe4 10. Nxe4 Qb6 11. Kh1 Nxe4 12. Bxe4 Nf6 13. Bg2 Rd8 14. c3 a5 15.
Qb3 Qc7 16. a4 Nd5 17. Re1 Rb8 18. Bd2 b6 19. Nxc6 Qxc6 20. c4 Bb7 21. cxd5
Qxd5 22. Bxd5 Bxd5+ 23. Qxd5 Rxd5 24. Bc3 Rc8 25. Red1 Rc4 26. Kg1 b5 27. axb5
Rxb5 28. Rxa5 Rxa5 29. Bxa5 Bxd4+ 30. Kg2 Bxb2 31. Kf3 h5 32. h3 e5 33. fxe5
Bxe5 34. Rd3 Kg7 35. Bd2 f6 36. Rd7+ Kf8 37. g4 Ke8 38. Rg7 Rc2 39. Be1 Rh2 40.
Rxg6 Rxh3+ 41. Ke4 Rh1 42. Bf2 Rh2 43. Kf3 h4 44. Rh6 Bg3 45. Bxg3 1/2-1/2

[Event "Vellmar Chess Days"]
[Site "chess24.com"]
[Date "2015.08.08"]
[Round "5.30"]
[White "Krosenbrink, Marcel"]
[Black "Rehbein, Ullrich"]
[Result "1-0"]
[WhiteElo "1982"]
[BlackElo "1832"]
[PlyCount "53"]
[EventDate "2015.??.??"]
[WhiteTeam "Netherlands"]
[BlackTeam "Germany"]
[WhiteTeamCountry "NED"]
[BlackTeamCountry "GER"]
[WhiteClock "0:46:44"]
[BlackClock "0:25:01"]

1. e4 d5 2. exd5 Qxd5 3. Nc3 Qa5 4. Nf3 Bg4 5. h3 Bh5 6. d4 e6 7. Bd2 c6 8. Bd3
Nf6 9. Qe2 Be7 10. O-O-O Nbd7 11. Kb1 Qc7 12. Rde1 b5 13. g4 b4 14. Ne4 Bg6 15.
Nxf6+ Nxf6 16. Bxg6 hxg6 17. Ne5 Rd8 18. Qc4 c5 19. c3 bxc3 20. Bxc3 Nd5 21.
Qb5+ Kf8 22. Ba5 Nb6 23. Nc6 Rd5 24. Nxe7 Kxe7 25. dxc5 Rxc5 26. Bb4 Rc8 27.
Rc1 1-0

[Event "Vellmar Chess Days"]
[Site "chess24.com"]
[Date "2015.08.08"]
[Round "5.31"]
[White "Reitz, Philipp"]
[Black "Freier, Werner"]
[Result "0-1"]
[WhiteElo "1773"]
[BlackElo "1912"]
[PlyCount "152"]
[EventDate "2015.??.??"]
[WhiteTeam "Germany"]
[BlackTeam "Germany"]
[WhiteTeamCountry "GER"]
[BlackTeamCountry "GER"]
[WhiteClock "0:09:18"]
[BlackClock "0:03:10"]

1. c4 Nf6 2. d4 e6 3. g3 d5 4. Nf3 Be7 5. Bg2 O-O 6. O-O c5 7. cxd5 exd5 8. Nc3
Nc6 9. Bf4 Be6 10. Rc1 a6 11. a3 c4 12. Ne5 Qb6 13. Nxc6 Qxc6 14. b4 b5 15. Qc2
Rad8 16. Rfd1 Rfe8 17. Rd2 Qd7 18. f3 Nh5 19. Be3 Bh3 20. Bh1 Bxb4 21. axb4
Rxe3 22. Kf2 Qe7 23. Ra1 Bc8 24. Bg2 Nf6 25. Rb1 Re8 26. Nd1 g6 27. g4 Bxg4 28.
fxg4 Nxg4+ 29. Kf1 Qf6+ 30. Bf3 Nxh2+ 31. Kg2 Nxf3 32. Nxe3 Nxd2 33. Qxd2 Qg5+
34. Kf3 Qf6+ 35. Kg2 Qg5+ 36. Kf3 Qe7 37. Nc2 Qe4+ 38. Kf2 Qh4+ 39. Kf3 Qh3+
40. Kf2 Qh4+ 41. Kf3 Re4 42. Rg1 Qf6+ 43. Kg3 h5 44. Rg2 Qf1 45. e3 Qh1 46. Kf2
h4 47. Qe1 Qh3 48. Qg1 Qf5+ 49. Ke2 h3 50. Rf2 Qh5+ 51. Kd2 g5 52. Qh2 g4 53.
Qg3 Re6 54. Ne1 Rh6 55. Nf3 Rf6 56. Nh2 Rxf2+ 57. Qxf2 Qg6 58. Qg3 f5 59. Qb8+
Kh7 60. Qg3 Qe6 61. Nf3 gxf3 62. Qxh3+ Kg7 63. Qxf3 Qe4 64. Qg3+ Kf6 65. Qd6+
Kg5 66. Qg3+ Qg4 67. Qe5 Qg2+ 68. Kc3 Qf2 69. Qg7+ Kh4 70. Qh6+ Kg3 71. Qd6+
Kh3 72. Qe5 Qe1+ 73. Kc2 Qe2+ 74. Kc1 Qd3 75. Qf4 c3 76. e4 Qd2+ 0-1

[Event "Vellmar Chess Days"]
[Site "chess24.com"]
[Date "2015.08.08"]
[Round "5.33"]
[White "Mueller, Joachim"]
[Black "Kirschner, Philipp"]
[Result "0-1"]
[WhiteElo "1923"]
[BlackElo "1646"]
[PlyCount "80"]
[EventDate "2015.??.??"]
[WhiteTeam "Germany"]
[BlackTeam "Germany"]
[WhiteTeamCountry "GER"]
[BlackTeamCountry "GER"]
[WhiteClock "0:31:25"]
[BlackClock "0:19:33"]

1. d4 Nf6 2. c4 c5 3. d5 b5 4. b3 bxc4 5. bxc4 d6 6. Qc2 g6 7. Bb2 Bg7 8. Nd2
O-O 9. e4 Nbd7 10. Bd3 Rb8 11. Rb1 Ba6 12. f4 Qc7 13. Ngf3 Rb6 14. O-O Rfb8 15.
Bc3 Ng4 16. Bxg7 Kxg7 17. Qc3+ Kg8 18. h3 Ngf6 19. e5 Rxb1 20. Bxb1 Nh5 21. e6
fxe6 22. dxe6 Ng3 23. Rf2 Nf6 24. Ng5 Rxb1+ 25. Nxb1 Nge4 26. Nxe4 Nxe4 27. Qf3
Nxf2 28. Qa8+ Kg7 29. Qe8 Nxh3+ 30. gxh3 Qb7 31. Qf7+ Kh6 32. Qf8+ Kh5 33. Nd2
Qb2 34. Qxe7 Qd4+ 35. Kh1 Qxf4 36. Qxh7+ Kg5 37. h4+ Kg4 38. Qxg6+ Kxh4 39. Qe4
Qxe4+ 40. Nxe4 Bc8 0-1

[Event "Vellmar Chess Days"]
[Site "chess24.com"]
[Date "2015.08.08"]
[Round "5.34"]
[White "Maar, Samuel"]
[Black "Hilgert, Viktor"]
[Result "1-0"]
[WhiteElo "1902"]
[BlackElo "1905"]
[PlyCount "56"]
[EventDate "2015.??.??"]
[WhiteTeam "Germany"]
[BlackTeam "Germany"]
[WhiteTeamCountry "GER"]
[BlackTeamCountry "GER"]
[WhiteClock "0:09:26"]
[BlackClock "0:23:56"]

1. e4 c5 2. Nf3 d6 3. Bc4 Nc6 4. d4 cxd4 5. Nxd4 e5 6. Nb3 Nf6 7. Nc3 Be7 8.
O-O O-O 9. f4 Ng4 10. Nd5 exf4 11. Bxf4 Nge5 12. Nxe7+ Qxe7 13. Bd5 Bg4 14. Qd2
Kh8 15. Rf2 f6 16. h3 Bh5 17. g4 Bg6 18. Raf1 Rfe8 19. g5 fxg5 20. Bxg5 Qd7 21.
Qf4 Qc8 22. Qh4 Qd7 23. Qf4 Qc8 24. Na5 Nxa5 25. Be7 Nf7 26. Bxf7 Rxe7 27. Bxg6
Qc5 28. Qh4 Rd7 1-0

[Event "Vellmar Chess Days"]
[Site "chess24.com"]
[Date "2015.08.09"]
[Round "6.1"]
[White "Langheinrich, Ferenc"]
[Black "Yu, Ting"]
[Result "1-0"]
[WhiteElo "2385"]
[BlackElo "2148"]
[PlyCount "79"]
[EventDate "2015.??.??"]
[WhiteTeam "Germany"]
[BlackTeam "China"]
[WhiteTeamCountry "GER"]
[BlackTeamCountry "CHN"]
[WhiteClock "0:40:34"]
[BlackClock "0:00:45"]

1. Nf3 Nf6 2. g3 g6 3. Bg2 Bg7 4. O-O O-O 5. c4 c5 6. Nc3 Nc6 7. d4 cxd4 8.
Nxd4 Nxd4 9. Qxd4 d6 10. Qd2 a6 11. b3 Rb8 12. Bb2 b5 13. Nd5 Nxd5 14. Bxg7
Kxg7 15. cxd5 Bd7 16. Rfc1 Kg8 17. Qd4 b4 18. h4 Qb6 19. Qxb6 Rxb6 20. Rc7 Rd8
21. Rac1 Kf8 22. Ra7 e5 23. Rcc7 Ke8 24. e4 f5 25. Bh3 Rb5 26. exf5 gxf5 27.
Bxf5 Bxf5 28. Re7+ Kf8 29. Rf7+ Kg8 30. Rxf5 Rxd5 31. Rg5+ Kf8 32. Rxh7 Re8 33.
h5 Rd1+ 34. Kg2 Re6 35. h6 Rf6 36. Rh8+ Ke7 37. Rg7+ Rf7 38. Rhh7 Rxg7 39.
Rxg7+ Kf6 40. Rg8 1-0

[Event "Vellmar Chess Days"]
[Site "chess24.com"]
[Date "2015.08.09"]
[Round "6.2"]
[White "Hilverda, Alexander"]
[Black "Hahn, Markus"]
[Result "1-0"]
[WhiteElo "2382"]
[BlackElo "2303"]
[PlyCount "217"]
[EventDate "2015.??.??"]
[WhiteTeam "Germany"]
[BlackTeam "Germany"]
[WhiteTeamCountry "GER"]
[BlackTeamCountry "GER"]
[WhiteClock "0:06:15"]
[BlackClock "0:04:00"]

1. d4 f5 2. c4 Nf6 3. g3 e6 4. Bg2 c6 5. Nf3 d5 6. O-O Bd6 7. Nc3 O-O 8. Qc2
Qe7 9. Rb1 Nbd7 10. Bf4 Bxf4 11. gxf4 dxc4 12. a4 Nd5 13. e3 a5 14. Rfd1 N7b6
15. Ne5 Bd7 16. Bf1 Be8 17. Nxc4 Bh5 18. Nxb6 Bxd1 19. Ncxd5 exd5 20. Rxd1 Rad8
21. Qc5 Qxc5 22. dxc5 Kf7 23. Rd4 Ke7 24. b4 axb4 25. Rxb4 g5 26. Bd3 d4 27.
exd4 gxf4 28. Kg2 Kf6 29. Kf3 Rg8 30. a5 Rg1 31. d5 cxd5 32. Rxf4 Ra1 33. a6
bxa6 34. Rxf5+ Ke6 35. Kf4 Rc1 36. Re5+ Kf7 37. Nxd5 Rxc5 38. Bxa6 Kg7 39. Ke4
Rd6 40. Bd3 Rh6 41. Kd4 Rc1 42. Re7+ Kg8 43. Rxh7 Rxh7 44. Nf6+ Kg7 45. Nxh7
Rh1 46. Ng5 Rxh2 47. f4 Kf6 48. Ke3 Ra2 49. Ne4+ Ke7 50. Kd4 Ra5 51. Nc3 Ke6
52. Ke4 Rc5 53. Nd1 Ra5 54. Ne3 Ra4+ 55. Bc4+ Kf6 56. Kf3 Ra3 57. Ke2 Ra1 58.
Bd3 Ra4 59. Ng4+ Ke7 60. Kf3 Ra3 61. Ne5 Kf6 62. Kg4 Rb3 63. Bf5 Ra3 64. Nd7+
Kf7 65. Kg5 Rg3+ 66. Bg4 Re3 67. Ne5+ Ke7 68. Kg6 Re1 69. Nc6+ Kd6 70. Nd4 Rg1
71. Nf5+ Kd5 72. Nh6 Ke4 73. f5 Rf1 74. f6 Rxf6+ 75. Kxf6 Kd5 76. Bf5 Kd4 77.
Ke6 Kc5 78. Ke5 Kc4 79. Ng4 Kc3 80. Ne3 Kb4 81. Kd4 Kb3 82. Be6+ Kb2 83. Bc4
Ka3 84. Kc3 Ka4 85. Nd5 Ka5 86. Ne3 Kb6 87. Kd4 Kc6 88. Bf7 Kb5 89. Nc2 Kc6 90.
Ke5 Kd7 91. Nb4 Ke7 92. Be6 Kf8 93. Kf6 Ke8 94. Nc6 Kf8 95. Ne5 Ke8 96. Nf7 Kf8
97. Bf5 Ke8 98. Ne5 Kd8 99. Bd7 Kc7 100. Ke6 Kb6 101. Kd6 Ka5 102. Kc5 Ka6 103.
Nc4 Kb7 104. Kd6 Ka6 105. Kc7 Ka7 106. Bc8 Ka8 107. Nd6 Ka7 108. Nb5+ Ka8 109.
Bb7# 1-0

[Event "Vellmar Chess Days"]
[Site "chess24.com"]
[Date "2015.08.09"]
[Round "6.3"]
[White "Ziegenfuss, Holger"]
[Black "Balje, Jan"]
[Result "1-0"]
[WhiteElo "2032"]
[BlackElo "2189"]
[PlyCount "93"]
[EventDate "2015.??.??"]
[WhiteTeam "Germany"]
[BlackTeam "Netherlands"]
[WhiteTeamCountry "GER"]
[BlackTeamCountry "NED"]
[WhiteClock "0:25:42"]
[BlackClock "0:34:31"]

1. e4 c6 2. d4 d5 3. e5 c5 4. dxc5 e6 5. a3 Nc6 6. Bb5 Bxc5 7. b4 Bxf2+ 8. Kxf2
Qb6+ 9. Be3 Qxb5 10. Qg4 Nge7 11. Nc3 Qc4 12. Qxc4 dxc4 13. Nb5 Nd5 14. Nf3 O-O
15. Nd6 f6 16. Nxc4 fxe5 17. Nd6 Nd4 18. Bxd4 exd4 19. Kg3 e5 20. Nxe5 Rf6 21.
Nb5 Nf4 22. Nxd4 Nh5+ 23. Kh4 Rf4+ 24. Kxh5 Rxd4 25. Rad1 Rxd1 26. Rxd1 Bf5 27.
c4 Re8 28. Nf3 h6 29. Re1 Rd8 30. Re5 Bd3 31. c5 Bf1 32. Ne1 Rd2 33. Kg6 Bb5
34. Re7 Re2 35. Rxe2 Bxe2 36. Kf5 Kf7 37. Ke5 Ke7 38. Nf3 Bd3 39. Nd4 Bf1 40.
Nf5+ Kf7 41. g3 Bg2 42. b5 h5 43. Nd6+ Ke7 44. Nc8+ Kd7 45. Nxa7 Kc7 46. b6+
Kd7 47. Kf5 1-0

[Event "Vellmar Chess Days"]
[Site "chess24.com"]
[Date "2015.08.09"]
[Round "6.4"]
[White "Schroeder, Kevin"]
[Black "Koellner, Christoph"]
[Result "1-0"]
[WhiteElo "2175"]
[BlackElo "2021"]
[PlyCount "111"]
[EventDate "2015.??.??"]
[WhiteTeam "Germany"]
[BlackTeam "Germany"]
[WhiteTeamCountry "GER"]
[BlackTeamCountry "GER"]
[WhiteClock "0:53:58"]
[BlackClock "0:24:25"]

1. d4 d6 2. e4 Nf6 3. Nc3 e5 4. Nge2 Be7 5. g3 O-O 6. Bg2 exd4 7. Nxd4 Bd7 8.
O-O Nc6 9. h3 Nxd4 10. Qxd4 Bc6 11. Be3 Nd7 12. Rad1 Bf6 13. Qb4 a5 14. Qb3 Re8
15. Nd5 a4 16. Qa3 Ne5 17. Nxf6+ Qxf6 18. Bd4 Qe7 19. Qc3 f6 20. Rfe1 Qf7 21.
Kh2 Qh5 22. b4 Rec8 23. f4 Nd7 24. Bf3 Qe8 25. Qc4+ Qf7 26. Qxf7+ Kxf7 27. c4
Nf8 28. b5 Bd7 29. e5 dxe5 30. fxe5 c6 31. exf6 gxf6 32. Bh5+ Ng6 33. Rf1 f5
34. g4 f4 35. Rxf4+ Kg8 36. Rf6 cxb5 37. Bxg6 hxg6 38. Rxg6+ Kf7 39. Rg7+ Ke6
40. Re1+ Kd6 41. Be5+ Kc6 42. cxb5+ Kxb5 43. Rxd7 Rc2+ 44. Kg3 Rxa2 45. Rxb7+
Kc6 46. Rc7+ Kd5 47. Rd7+ Kc6 48. Rd6+ Kc5 49. Rc1+ Kb5 50. Rd5+ Kb6 51. Bd4+
Kb7 52. Rb5+ Ka6 53. Rcb1 Ra3+ 54. Kh4 Rb3 55. R5xb3 axb3 56. Rxb3 1-0

[Event "Vellmar Chess Days"]
[Site "chess24.com"]
[Date "2015.08.09"]
[Round "6.5"]
[White "Heinelt, Manfred"]
[Black "Dorst, Johannes"]
[Result "1/2-1/2"]
[WhiteElo "2171"]
[BlackElo "2207"]
[PlyCount "113"]
[EventDate "2015.??.??"]
[WhiteTeam "Germany"]
[BlackTeam "Germany"]
[WhiteTeamCountry "GER"]
[BlackTeamCountry "GER"]
[WhiteClock "0:17:55"]
[BlackClock "0:09:54"]

1. e4 e6 2. d4 d5 3. Nc3 Bb4 4. e5 c5 5. a3 Bxc3+ 6. bxc3 Ne7 7. Nf3 b6 8. a4
Ba6 9. Bxa6 Nxa6 10. Ba3 Rc8 11. Qe2 Nb8 12. O-O Qc7 13. c4 O-O 14. cxd5 Nxd5
15. c4 Nb4 16. dxc5 Qxc5 17. Rab1 a5 18. Rfc1 N8c6 19. Qe4 h6 20. h4 Rfd8 21.
Rd1 Ne7 22. h5 Qc6 23. Qxc6 Nexc6 24. Rd6 Kf8 25. Rbd1 Ke7 26. Kf1 Rc7 27. Nd4
Nxd4 28. Rxd8 Kxd8 29. Rxd4+ Rd7 30. Rxd7+ Kxd7 31. Ke2 g6 32. g4 Nc6 33. Bb2
gxh5 34. gxh5 Ne7 35. Ba3 Nf5 36. Bf8 Ke8 37. Ba3 Kd7 38. Kd3 Ng7 39. Bf8 Nf5
40. c5 bxc5 41. Bxc5 Kc6 42. Kc4 Ng7 43. Be3 Nf5 44. Bc1 Ng7 45. Bxh6 Nxh5 46.
Bg5 Kb6 47. Bd8+ Ka6 48. Kc5 Nf4 49. Kd6 Nd3 50. f3 Ne1 51. f4 Nd3 52. Bg5 Kb7
53. Ke7 Kc6 54. Kxf7 Kd5 55. Kf6 Nc5 56. Bh4 Nd3 57. Kf7 1/2-1/2

[Event "Vellmar Chess Days"]
[Site "chess24.com"]
[Date "2015.08.09"]
[Round "6.6"]
[White "Humburg, Philipp"]
[Black "Rothe, Guido"]
[Result "1-0"]
[WhiteElo "2186"]
[BlackElo "2179"]
[PlyCount "43"]
[EventDate "2015.??.??"]
[WhiteTeam "Germany"]
[BlackTeam "Germany"]
[WhiteTeamCountry "GER"]
[BlackTeamCountry "GER"]
[WhiteClock "0:47:14"]
[BlackClock "0:37:35"]

1. d4 Nf6 2. c4 g6 3. Nc3 Bg7 4. e4 d6 5. Nf3 O-O 6. Be2 e5 7. O-O Nc6 8. d5
Ne7 9. Ne1 Nd7 10. Nd3 f5 11. Bd2 Nf6 12. f3 Kh8 13. Rc1 c5 14. a3 Neg8 15.
exf5 gxf5 16. f4 Ne4 17. Be1 exf4 18. Nxf4 Bd4+ 19. Kh1 Ngf6 20. Qd3 Bd7 21.
Qh3 Qe7 22. Ng6+ 1-0